000
00268nam a22001217a 4500
008
170703b xxu||||| |||| 00| 0 eng d
041
_a
eng
080
_a
82
100
_a
22
101
_a
GJL
245
_a
THE GREEKS AND THE IRRATIONAL
_c
DODDS, E.R
942
_2
udc
_c
BK
999
_c
19836
_d
19836